| 000 | 00717cab a2200229 4500 | ||
|---|---|---|---|
| 001 | ABS47756 | ||
| 008 | 090401t1993 xxu||||| |||| 00| 0 eng d | ||
| 035 | _a(Sirsi) u63336 | ||
| 041 | _aeng | ||
| 245 | _aCouncil tax banding provides opportunities for surveyors | ||
| 260 | _c1993 | ||
| 350 | _a0 | ||
| 490 |
_aCS Monthly : General Practice _v2(4) January 1993, 4-5(2) |
||
| 520 | _aWith a forecast of between 7.5% and 10% appeal rate against the council tax bandings, residential surveyors can expect enquiries from the public. | ||
| 650 | _aAPPEAL PROCEDURE | ||
| 650 | _aBANDING | ||
| 650 | _aCOUNCIL TAX | ||
| 650 | _aMENTOR | ||
| 690 | _aRATING AND VALUATION | ||
| 942 | _n0 | ||
| 948 | _c04/03/1997 | ||
| 999 |
_c39379 _d39379 |
||